00237nam a2200097Ia 4500008004100000100001900041245002500060260003600085300000800121650001000129190216s9999||||xx |||||||||||||| ||und|| aChaturvedi Md 0aPanther On The Prowl bNational Book Trust Indiac1890 a85p aProwl